000 01188nam a22003738i 4500
999 _c1128
_d1128
001 020746169
003 UkOxU
005 20211011090132.0
008 160914s2017 enk 000|f|eng|d
015 _aGBB6F2265
_2bnb
016 7 _a018094359
_2Uk
020 _a9781784871949 (pbk.) :
035 _a(Uk)018094359
035 _a(StEdALDL)1/3511549
040 _aStDuBDS
_beng
_erda
_cStDuBDS
041 1 _aeng
_hrus
049 _aCROBAR
082 0 4 _a891.733 TOL
_223
100 1 _aTolstoy, Leo,
_cgraf,
_d1828-1910,
_eauthor.
245 1 0 _aWar and peace /
_cLeo Tolstoy ; translated by Richard Pevear and Larissa Volokhonsky.
263 _a201701
264 1 _aLondon :
_bVintage Classic,
_c2017.
300 _a1 volume ;
_c22 cm.
336 _atext
_2rdacontent
337 _aunmediated
_2rdamedia
338 _avolume
_2rdacarrier
490 0 _aVintage classic Russians series
500 _aTranslated from the Russian.
651 0 _aRussia
_xHistory
_yAlexander I, 1801-1825
_vFiction.
651 0 _aRussia
_xSocial conditions
_y1801-1917
_vFiction.
700 1 _aPevear, Richard,
_d1943-
_etranslator.
700 1 _aVolokhonsky, Larissa,
_etranslator.
942 _2ddc
_cNFIC